[Event "IIFL Wealth  4th Mumbai Junior U-13"]
[Site "Mumbai"]
[Date "2019.01.03"]
[Round "5"]
[White "Kshatriya Nitin Vekhande"]
[Black "Pranesh M"]
[Result "0-1"]
[WhiteElo "1544"]
[BlackElo "2125"]
[Annotator "TA"]
[PlyCount "118"]
[EventDate "2018.12.30"]
[EventType "swiss"]
[EventCountry "IND"]
[SourceTitle "playchess.com"]
[Source "ChessBase"]
[SourceQuality "1"]

1. e4 e5 2. Nf3 Nc6 3. Bb5 Nf6 4. d3 Bc5 5. c3 d6 6. O-O O-O 7. h3 Ne7 8. Ba4 Ng6 9. Re1 Bb6 10. Nbd2 c6 11. Nf1 h6 12. Ng3 Re8 13. Kh1 Bxf2 14. Rf1 Bxg3 15. Nh2 d5 16. Qf3 Bxh2 17. Kxh2 dxe4 18. dxe4 Be6 19. Bc2 Qe7 20. Be3 b6 21. g4 Nh7 22. Rf2 Rad8 23. Raf1 Bc4 24. Bb3 Bxb3 25. axb3 Nf4 26. Bxf4 exf4 27. Qxf4 Nf6 28. Re2 Qe5 29. Kg2 Qxf4 30. Rxf4 Nd7 31. h4 Nc5 32. b4 Nd3 33. Rf3 g5 34. Kg1 Nf4 35. Re1 Rd2 36. hxg5 hxg5 37. b3 Kg7 38. Ree3 Rh8 39. Rxf4 gxf4 40. Rf3 Rd1+ 41. Kg2 Rhh1 42. Rxf4 Rdg1+ 43. Kf3 Rf1+ 44. Kg3 Rhg1+ 45. Kh2 Rxf4 46. Kxg1 Rxg4+ 47. Kf2 Rxe4 48. c4 f5 49. Kf3 Kf6 50. c5 Rxb4 51. cxb6 axb6 52. Ke3 Ke5 53. Kd3 Rxb3+ 54. Kc4 Re3 55. Kb4 Kd4 56. Ka4 b5+ 57. Ka5 Kc5 58. Ka6 Re7 59. Ka5 Ra7# 0-1

[Event "IIFL Wealth  4th Mumbai Junior U-13"]
[Site "Mumbai"]
[Date "2019.01.03"]
[Round "5"]
[White "Rushyendra Chowdary Kantipudi"]
[Black "Kadam Om Manish"]
[Result "0-1"]
[WhiteElo "1527"]
[BlackElo "1944"]
[Annotator "NA RC"]
[PlyCount "92"]
[EventDate "2018.12.30"]
[EventType "swiss"]
[EventCountry "IND"]
[SourceTitle "playchess.com"]
[Source "ChessBase"]
[SourceQuality "1"]

1. e4 c5 2. Nf3 d6 3. d4 cxd4 4. Qxd4 a6 5. Bc4 Nc6 6. Qe3 e6 7. Nc3 Nf6 8. h3 Be7 9. Nd4 O-O 10. Bd2 Bd7 11. g4 d5 12. Bd3 e5 13. Nxc6 Bxc6 14. exd5 Nxd5 15. Nxd5 Qxd5 16. Rg1 Rad8 17. Bc3 Bc5 18. Qg3 e4 19. Be2 e3 20. fxe3 Bxe3 21. Qxe3 Rfe8 22. Qd4 Rxe2+ 23. Kd1 Qxd4+ 24. Bxd4 Bf3 25. c3 Rg2+ 26. Ke1 Rxb2 27. Rg3 Re8+ 28. Kf1 Bd5 29. Re3 Rxe3 30. Bxe3 Bxa2 31. Rd1 Bc4+ 32. Kg1 h6 33. Rd2 Rxd2 34. Bxd2 a5 35. Be3 Kf8 36. Bb6 a4 37. Bc5+ Ke8 38. Kf2 Kd7 39. Ke3 Ke6 40. h4 g6 41. Kf4 Kd5 42. Bb4 Bf1 43. g5 hxg5+ 44. hxg5 Kc4 45. Ke3 Kb3 46. Kd2 a3 0-1

[Event "IIFL Wealth  4th Mumbai Junior U-13"]
[Site "Mumbai"]
[Date "2019.01.03"]
[Round "5"]
[White "Ratnapriya K"]
[Black "Zia, Tahsin Tajwar"]
[Result "0-1"]
[WhiteElo "1516"]
[BlackElo "1925"]
[Annotator "NA RC"]
[PlyCount "116"]
[EventDate "2018.12.30"]
[EventType "swiss"]
[EventCountry "IND"]
[SourceTitle "playchess.com"]
[Source "ChessBase"]
[SourceQuality "1"]

1. e4 c5 2. Nf3 d6 3. d4 cxd4 4. Nxd4 Nf6 5. Nc3 Nc6 6. Bg5 e6 7. Qd2 a6 8. O-O-O Bd7 9. f4 Be7 10. Qe1 Qc7 11. Kb1 b5 12. Nxc6 Bxc6 13. Bxf6 gxf6 14. Bd3 Qb7 15. Qe3 O-O-O 16. Rhe1 Kb8 17. Ne2 d5 18. Nd4 Bc5 19. Nxc6+ Qxc6 20. Qf3 d4 21. e5 Qxf3 22. gxf3 f5 23. Rg1 Rhg8 24. Rg5 Rg6 25. Rdg1 Be7 26. R5g3 Bh4 27. Rxg6 hxg6 28. Rg2 Kb7 29. Kc1 Be7 30. Kd2 Bf8 31. Ke1 Bh6 32. Re2 Bxf4 33. Kf1 Rd5 34. h3 Bxe5 35. Kg2 Bf4 36. h4 Rd8 37. Re1 Rh8 38. Rh1 Kb6 39. b4 Bd6 40. a3 Kc6 41. Be2 Kd5 42. f4 Bxf4 43. Bf3+ Kd6 44. Bb7 Rb8 45. Bxa6 Rb6 46. Bxb5 Rxb5 47. Rb1 Bd2 48. Kf2 e5 49. Ke2 Bc3 50. Kd3 Kd5 51. Rb3 e4+ 52. Ke2 f4 53. Kf2 f3 54. Rxc3 dxc3 55. Ke3 f5 56. h5 f4+ 57. Kxf4 f2 58. Kg5 f1=Q 0-1

[Event "IIFL Wealth  4th Mumbai Junior U-13"]
[Site "Mumbai"]
[Date "2019.01.03"]
[Round "5"]
[White "Marium Fatima"]
[Black "Krishnan Ritvik"]
[Result "0-1"]
[WhiteElo "1494"]
[BlackElo "1812"]
[Annotator "NA RC"]
[PlyCount "96"]
[EventDate "2018.12.30"]
[EventType "swiss"]
[EventCountry "IND"]
[SourceTitle "playchess.com"]
[Source "ChessBase"]
[SourceQuality "1"]

1. d4 Nf6 2. Nf3 g6 3. g3 Bg7 4. Bg2 O-O 5. O-O d6 6. b3 e5 7. dxe5 dxe5 8. Bb2 e4 9. Nfd2 Re8 10. Nc4 b6 11. Qxd8 Rxd8 12. Bxf6 Bxf6 13. Bxe4 Bxa1 14. Bxa8 c6 15. Ne3 Bd4 16. Rd1 Rd7 17. Rd3 Bxe3 18. fxe3 Kg7 19. Nd2 Kf6 20. b4 Ke7 21. a4 a6 22. Rxd7+ Kxd7 23. c4 Kc7 24. b5 Bd7 25. bxc6 Nxc6 26. Nf3 Na5 27. Bd5 f6 28. Nd4 Kd6 29. Bg8 h6 30. Bf7 g5 31. Kf2 Kc5 32. h4 Nxc4 33. h5 Ne5 34. Bg6 Kb4 35. e4 Kxa4 36. Nf3 Kb4 37. Ke3 Kc3 38. Ne1 a5 39. Nd3 a4 40. Bf5 Bc6 41. Be6 a3 42. Nc1 Bb5 43. Na2+ Kb2 44. Nb4 Bc4 45. Bxc4 Nxc4+ 46. Kd3 Kb3 47. Nc2 Ne5+ 48. Kd2 Kb2 0-1

[Event "IIFL Wealth  4th Mumbai Junior U-13"]
[Site "Mumbai"]
[Date "2019.01.03"]
[Round "5"]
[White "Shravan Swaminathan"]
[Black "Aditya Varun Gampa"]
[Result "1-0"]
[WhiteElo "1488"]
[BlackElo "1809"]
[Annotator "NA"]
[PlyCount "81"]
[EventDate "2018.12.30"]
[EventType "swiss"]
[EventCountry "IND"]
[SourceTitle "playchess.com"]
[Source "ChessBase"]
[SourceQuality "1"]

1. d4 Nf6 2. Nf3 d5 3. Bf4 e6 4. e3 c5 5. c3 Nc6 6. Nbd2 Bd6 7. Bg3 O-O 8. Bd3 b6 9. Ne5 Bb7 10. f4 Ne7 11. O-O Ne4 12. Bh4 f6 13. Nef3 Nf5 14. Bf2 Nxf2 15. Kxf2 c4 16. Bc2 b5 17. g4 Ne7 18. Qb1 f5 19. Rg1 b4 20. gxf5 Nxf5 21. Qf1 bxc3 22. bxc3 Qf6 23. Qh3 h6 24. Rg4 Kh8 25. Rag1 Rf7 26. Rg6 Qe7 27. Ng5 Rf6 28. Nxe6 Qxe6 29. Bxf5 Qe7 30. Rxf6 Qxf6 31. Rg6 Qf8 32. Nf3 Re8 33. Ng5 Bc8 34. Bxc8 Bxf4 35. exf4 Qxf4+ 36. Nf3 Qe3+ 37. Kg3 Rf8 38. Bf5 Rb8 39. Qg4 Rb2 40. Rxg7 Qf2+ 41. Kf4 1-0

[Event "IIFL Wealth  4th Mumbai Junior U-13"]
[Site "Mumbai"]
[Date "2019.01.03"]
[Round "5"]
[White "Daakshin Arun"]
[Black "Savitha Shri B"]
[Result "0-1"]
[WhiteElo "1400"]
[BlackElo "1894"]
[Annotator "NA RC"]
[PlyCount "168"]
[EventDate "2018.12.30"]
[EventType "swiss"]
[EventCountry "IND"]
[SourceTitle "playchess.com"]
[Source "ChessBase"]
[SourceQuality "1"]

1. d4 Nf6 2. c4 g6 3. Nc3 Bg7 4. e4 d6 5. Nf3 O-O 6. Be2 e5 7. O-O Nc6 8. d5 Ne7 9. b4 Ne8 10. a4 f5 11. Nd2 Nf6 12. Ba3 f4 13. f3 g5 14. c5 h5 15. Nc4 Ng6 16. Rc1 Ne8 17. Na5 Nh4 18. h3 Bh6 19. Kf2 g4 20. hxg4 hxg4 21. Rh1 Qg5 22. Qg1 Rf7 23. Ke1 Bf8 24. Nc4 Rg7 25. Kd2 Nf6 26. Qf2 Rh7 27. cxd6 cxd6 28. b5 Ne8 29. a5 Bd7 30. Bb4 Be7 31. Rb1 Rh6 32. Ba3 Ng7 33. Kc2 Nh5 34. Rhg1 Ng3 35. Rbc1 Kf7 36. Rcd1 Qh5 37. fxg4 Qg5 38. Bf3 Bxg4 39. Bxg4 Qxg4 40. b6 a6 41. Rc1 Rc8 42. Kd3 Qg6 43. Nd2 Rhh8 44. Nf3 Rxc3+ 45. Rxc3 Nxe4 46. Qe1 Nxc3+ 47. Kxc3 Rc8+ 48. Kb2 Qc2+ 49. Ka1 Rc3 50. Bb2 Rc4 51. Ba3 Ra4 52. Qc1 Qxc1+ 53. Rxc1 Nxf3 54. Kb2 Nd2 55. Rc7 Nc4+ 56. Kb3 Rxa3+ 57. Kxc4 Rxa5 58. Rxb7 Rc5+ 59. Kd3 Rxd5+ 60. Ke4 Rd4+ 61. Kf5 Rd2 62. Ra7 Rxg2 63. Rxa6 Rb2 64. Ra1 Rxb6 65. Rh1 Bf8 66. Kg4 Kg6 67. Rh3 Rb4 68. Rd3 Re4 69. Kf3 Re3+ 70. Rxe3 fxe3 71. Kxe3 d5 72. Kd2 Kf5 73. Ke2 Ke4 74. Kd2 d4 75. Ke2 d3+ 76. Kd2 Bb4+ 77. Kd1 Ke3 78. Kc1 d2+ 79. Kd1 e4 80. Kc2 Ke2 81. Kb1 d1=Q+ 82. Ka2 Qa4+ 83. Kb1 Qb3+ 84. Ka1 Bc3# 0-1

[Event "IIFL Wealth  4th Mumbai Junior U-13"]
[Site "Mumbai"]
[Date "2019.01.03"]
[Round "5"]
[White "Renganayaki V"]
[Black "Larmet, Nino"]
[Result "1/2-1/2"]
[WhiteElo "1376"]
[BlackElo "1835"]
[Annotator "NA RC"]
[PlyCount "82"]
[EventDate "2018.12.30"]
[EventType "swiss"]
[EventCountry "IND"]
[SourceTitle "playchess.com"]
[Source "ChessBase"]
[SourceQuality "1"]

1. d4 Nf6 2. c4 e6 3. Nf3 d5 4. Nc3 c6 5. Bg5 dxc4 6. e4 b5 7. e5 h6 8. Bh4 g5 9. Nxg5 hxg5 10. Bxg5 Nbd7 11. exf6 Bb7 12. g3 Bd6 13. Bg2 Qc7 14. O-O O-O-O 15. Ne4 e5 16. Nxd6+ Qxd6 17. dxe5 Qxe5 18. Bf4 Qxf6 19. Qd6 Qxd6 20. Bxd6 c5 21. Rac1 Bxg2 22. Kxg2 Kb7 23. Rfd1 Kc6 24. Bf4 Nb6 25. Rxd8 Rxd8 26. h4 Nd5 27. h5 Nxf4+ 28. gxf4 Rh8 29. Rh1 Kd5 30. Kf3 c3 31. bxc3 Kc4 32. Ke3 Kxc3 33. Rc1+ Kb4 34. a3+ Kxa3 35. Rxc5 a6 36. Kd3 Kb4 37. Rg5 a5 38. Kc2 a4 39. f5 Rh7 40. Rg4+ Ka5 41. Rh4 b4 1/2-1/2

[Event "IIFL Wealth  4th Mumbai Junior U-13"]
[Site "Mumbai"]
[Date "2019.01.03"]
[Round "5"]
[White "Aggarwal Vansh"]
[Black "Potawad Anirudhha"]
[Result "0-1"]
[WhiteElo "1328"]
[BlackElo "1849"]
[Annotator "NA"]
[PlyCount "148"]
[EventDate "2018.12.30"]
[EventType "swiss"]
[EventCountry "IND"]
[SourceTitle "playchess.com"]
[Source "ChessBase"]
[SourceQuality "1"]

1. e4 e5 2. Nf3 Nc6 3. Bb5 Nf6 4. O-O Nxe4 5. Re1 Nd6 6. Nxe5 Nxe5 7. Rxe5+ Be7 8. Bf1 O-O 9. d4 Bf6 10. Re1 Nf5 11. d5 d6 12. Qd3 Be5 13. Nd2 Qf6 14. c3 Nh6 15. Ne4 Qg6 16. Ng3 f5 17. f4 Bf6 18. Be2 Qf7 19. Bd2 Bd7 20. c4 g6 21. Rab1 Qg7 22. b3 Nf7 23. Rbc1 Bd4+ 24. Kh1 Rfe8 25. Bc3 Bxc3 26. Qxc3 Qh6 27. Qf3 Re7 28. Bd3 Rae8 29. Rxe7 Rxe7 30. Kg1 Ne5 31. Qe3 Qxh2+ 32. Kf1 Nxd3 33. Qxd3 Qh4 34. Qf3 Qf6 35. Qf2 b6 36. Rd1 Qc3 37. Re1 Rxe1+ 38. Qxe1 Qxe1+ 39. Kxe1 c6 40. Ne2 cxd5 41. cxd5 Kf7 42. Kf2 h6 43. Ke3 Kf6 44. g3 Bb5 45. Nc3 Ba6 46. a3 g5 47. Kf3 Kg6 48. Ke3 Kh5 49. Kf3 Bb7 50. b4 a5 51. fxg5 hxg5 52. bxa5 bxa5 53. a4 Ba8 54. Nb5 Bxd5+ 55. Kf2 Kg6 56. Nxd6 Kf6 57. Nb5 Ke5 58. Ke3 Bc6 59. Nc3 g4 60. Kd3 f4 61. gxf4+ Kxf4 62. Ne2+ Kg5 63. Ke3 Bxa4 64. Kf2 Kh4 65. Kg2 Bc6+ 66. Kh2 a4 67. Nd4 a3 68. Nb3 a2 69. Na1 Ba4 70. Kg2 g3 71. Kg1 Kg4 72. Kg2 Kf4 73. Kg1 Kf3 74. Kf1 Bd1 0-1

[Event "IIFL Wealth  4th Mumbai Junior U-13"]
[Site "Mumbai"]
[Date "2019.01.04"]
[Round "6"]
[White "Gukesh D"]
[Black "Sadbhav Rautela"]
[Result "1-0"]
[WhiteElo "2466"]
[BlackElo "1746"]
[Annotator "TA"]
[PlyCount "51"]
[EventDate "2018.12.30"]
[EventType "swiss"]
[EventCountry "IND"]
[SourceTitle "playchess.com"]
[Source "ChessBase"]
[SourceQuality "1"]

1. Nf3 d5 2. g3 Nf6 3. Bg2 Bf5 4. O-O e6 5. d3 Bd6 6. Nbd2 O-O 7. Qe1 Bg6 8. e4 dxe4 9. dxe4 e5 10. Nh4 Qe7 11. Nxg6 hxg6 12. Qe2 c6 13. Nf3 Nbd7 14. Ng5 Nb6 15. f4 exf4 16. gxf4 Bc5+ 17. Kh1 Rfe8 18. Qf3 Rad8 19. e5 Nfd5 20. Qh3 Qd7 21. Qh7+ Kf8 22. Bh3 Qc7 23. e6 f5 24. e7+ Kxe7 25. Qxg7+ Kd6 26. Qxg6+ 1-0

[Event "IIFL Wealth  4th Mumbai Junior U-13"]
[Site "Mumbai"]
[Date "2019.01.04"]
[Round "6"]
[White "Pranav Vijay"]
[Black "Mayank Chakraborty"]
[Result "1-0"]
[WhiteElo "2265"]
[BlackElo "1691"]
[Annotator "TA"]
[PlyCount "77"]
[EventDate "2018.12.30"]
[EventType "swiss"]
[EventCountry "IND"]
[SourceTitle "playchess.com"]
[Source "ChessBase"]
[SourceQuality "1"]

1. d4 Nf6 2. Nc3 d5 3. Bf4 c5 4. e3 cxd4 5. exd4 a6 6. Nf3 Nc6 7. Ne5 e6 8. Qd3 Bd6 9. Bg3 Bxe5 10. dxe5 Nh5 11. O-O-O Qg5+ 12. f4 Qh6 13. Kb1 Nxf4 14. Qf3 Ng6 15. Re1 Nd4 16. Qg4 Nf5 17. Bd3 Nge7 18. Bf4 Qg6 19. Qf3 h5 20. g3 Qg4 21. Qf2 Qg6 22. h3 Qh7 23. Rhf1 g6 24. g4 Ng7 25. Bg5 Rf8 26. Qc5 Nc6 27. Bb5 axb5 28. Nxb5 f6 29. Nc7+ Kd8 30. Qxf8+ Kxc7 31. exf6 Nf5 32. gxf5 gxf5 33. f7 f4 34. Bxf4+ e5 35. Bxe5+ Nxe5 36. Qc5+ Nc6 37. f8=Q Bxh3 38. Qfd6+ Kc8 39. Rf8# 1-0

[Event "IIFL Wealth  4th Mumbai Junior U-13"]
[Site "Mumbai"]
[Date "2019.01.04"]
[Round "6"]
[White "Divya Deshmukh"]
[Black "Tejes Suresh Kumar"]
[Result "1-0"]
[WhiteElo "2190"]
[BlackElo "1586"]
[Annotator "TA"]
[PlyCount "51"]
[EventDate "2018.12.30"]
[EventType "swiss"]
[EventCountry "IND"]
[SourceTitle "playchess.com"]
[Source "ChessBase"]
[SourceQuality "1"]

1. e4 e5 2. Nc3 Nf6 3. Bc4 Bc5 4. d3 c6 5. Bb3 d6 6. Bg5 Nbd7 7. Qd2 Nf8 8. Nge2 Ng6 9. Ng3 h6 10. Bxf6 gxf6 11. O-O-O Nf4 12. Nce2 Nxg2 13. d4 Bb6 14. dxe5 dxe5 15. Qc3 Qe7 16. Qf3 Nh4 17. Qh5 Ng6 18. Nf5 Bxf5 19. exf5 Nf8 20. Ng3 Nd7 21. Ne4 Bc7 22. Bxf7+ Kf8 23. Be6 Nb6 24. Rhg1 Bd8 25. Qxh6+ Rxh6 26. Rg8# 1-0

[Event "IIFL Wealth  4th Mumbai Junior U-13"]
[Site "Mumbai"]
[Date "2019.01.04"]
[Round "6"]
[White "Nikhil Magizhnan"]
[Black "Srihari L R"]
[Result "1/2-1/2"]
[WhiteElo "2148"]
[BlackElo "2316"]
[Annotator "ChessBase"]
[PlyCount "69"]
[EventDate "2018.12.30"]
[EventType "swiss"]
[EventCountry "IND"]
[SourceTitle "playchess.com"]
[Source "ChessBase"]
[SourceQuality "1"]

1. e4 c5 2. Nf3 e6 3. c3 Nf6 4. e5 Nd5 5. d4 cxd4 6. cxd4 d6 7. Nc3 Nxc3 8. bxc3 Nc6 9. exd6 Bxd6 10. Bd3 h6 11. O-O O-O 12. Qe2 Re8 13. Rd1 Qc7 14. Re1 e5 15. Bf4 Bg4 16. Qe4 g6 17. Nxe5 Bf5 18. Qf3 Nxe5 19. dxe5 Bxe5 20. Bxe5 Rxe5 21. Rxe5 Qxe5 22. Bxf5 gxf5 23. Qxb7 Re8 24. Rf1 Qxc3 25. Qxa7 Re1 26. Qb8+ Kh7 27. Qb5 Re5 28. Qb3 Qc7 29. a4 f4 30. Qb4 f3 31. g3 Qd7 32. Qf4 Qd5 33. Qb4 Qd7 34. Qf4 Qd5 35. Qb4 1/2-1/2

[Event "IIFL Wealth  4th Mumbai Junior U-13"]
[Site "Mumbai"]
[Date "2019.01.04"]
[Round "6"]
[White "Manish, Kumar"]
[Black "Pawar, Harshit"]
[Result "1-0"]
[WhiteElo "2132"]
[BlackElo "1671"]
[Annotator "TA"]
[PlyCount "68"]
[EventDate "2018.12.30"]
[EventType "swiss"]
[EventCountry "IND"]
[SourceTitle "playchess.com"]
[Source "ChessBase"]
[SourceQuality "1"]

1. e4 d5 2. exd5 Nf6 3. d4 Bg4 4. f3 Bf5 5. c4 e6 6. dxe6 Nc6 7. Be3 Bb4+ 8. Nd2 Qe7 9. a3 Bxd2+ 10. Qxd2 O-O-O 11. O-O-O fxe6 12. Ne2 Rd7 13. Ng3 Bg6 14. Qc3 Rhd8 15. Bd3 Bxd3 16. Rxd3 e5 17. d5 e4 18. Rd2 Ne5 19. fxe4 Neg4 20. Bg5 Re8 21. h3 Ne5 22. Rf1 Rf8 23. Rdf2 Rf7 24. Rf5 Ng6 25. e5 Nxd5 26. Bxe7 Rxf5 27. cxd5 Rxf1+ 28. Nxf1 Nxe7 29. e6 Rd8 30. Qxg7 Nxd5 31. e7 Re8 32. Qg4+ Kb8 33. Qd7 Nxe7 34. Qxe8+ Nc8 1-0

[Event "IIFL Wealth  4th Mumbai Junior U-13"]
[Site "Mumbai"]
[Date "2019.01.04"]
[Round "6"]
[White "Pranesh M"]
[Black "Kadam Rishi R"]
[Result "1-0"]
[WhiteElo "2125"]
[BlackElo "1604"]
[Annotator "TA"]
[PlyCount "75"]
[EventDate "2018.12.30"]
[EventType "swiss"]
[EventCountry "IND"]
[SourceTitle "playchess.com"]
[Source "ChessBase"]
[SourceQuality "1"]

1. e4 e5 2. Nf3 Nc6 3. d4 exd4 4. Bc4 d6 5. Nxd4 Nf6 6. Nc3 Be7 7. O-O O-O 8. h3 Ne5 9. Be2 c5 10. Nf3 a6 11. a4 Rb8 12. Bf4 Qc7 13. Bh2 Nxf3+ 14. Bxf3 b5 15. axb5 axb5 16. e5 dxe5 17. Qe2 b4 18. Bxe5 Bd6 19. Nb5 Rxb5 20. Bxd6 Qxd6 21. Qxb5 Qe5 22. Ra8 Bd7 23. Rxf8+ Kxf8 24. Qb6 g6 25. Rd1 Kg7 26. Qd6 Qxb2 27. Qxc5 Ba4 28. Rd4 Qc1+ 29. Kh2 b3 30. Rxa4 b2 31. Ra8 Ng4+ 32. hxg4 b1=Q 33. Qf8+ Kf6 34. Ra6+ Kg5 35. Ra5+ Kf6 36. Qh8+ Ke7 37. Qe5+ Kd8 38. Qd6+ 1-0

[Event "IIFL Wealth  4th Mumbai Junior U-13"]
[Site "Mumbai"]
[Date "2019.01.04"]
[Round "6"]
[White "Manish Anto Cristiano F"]
[Black "Devesh Anand Naik"]
[Result "1-0"]
[WhiteElo "2065"]
[BlackElo "1763"]
[Annotator "NA"]
[PlyCount "125"]
[EventDate "2018.12.30"]
[EventType "swiss"]
[EventCountry "IND"]
[SourceTitle "playchess.com"]
[Source "ChessBase"]
[SourceQuality "1"]

1. e4 e5 2. Nf3 Nc6 3. Bb5 a6 4. Ba4 Nf6 5. O-O Be7 6. Re1 b5 7. Bb3 d6 8. c3 O-O 9. h3 Na5 10. Bc2 c5 11. d4 Qc7 12. Nbd2 cxd4 13. cxd4 Nc6 14. d5 Nb4 15. Bb1 a5 16. a3 Na6 17. b4 axb4 18. axb4 Bd7 19. Qb3 Qb7 20. Bb2 Rfc8 21. Bd3 Bd8 22. Nf1 Bb6 23. N3d2 Nc7 24. Rxa8 Rxa8 25. Ne3 Qa7 26. Ra1 Qb7 27. Rxa8+ Qxa8 28. Nd1 Qa7 29. Nb1 Nh5 30. Na3 g6 31. Qc2 Nf4 32. Bf1 Na6 33. Qd2 Nc7 34. Nc3 Qb8 35. Kh2 Bd4 36. g3 Nh5 37. Nc2 Ba7 38. Qe2 Qb6 39. Kg2 Na6 40. Bc1 Qb7 41. Nxb5 Bxb5 42. Qxb5 Qxb5 43. Bxb5 Nb8 44. Ne3 Bxe3 45. Bxe3 Nf6 46. f3 Kf8 47. Bg5 Nfd7 48. Bd8 Ke8 49. Bc7 Ke7 50. h4 h5 51. g4 hxg4 52. fxg4 f6 53. Kf3 g5 54. h5 Ke8 55. Bxb8 Kf7 56. Bxd7 Kf8 57. Bxd6+ Kf7 58. b5 Kg7 59. b6 Kh6 60. b7 Kh7 61. b8=Q Kg7 62. Qf8+ Kh7 63. Bf5# 1-0

[Event "IIFL Wealth  4th Mumbai Junior U-13"]
[Site "Mumbai"]
[Date "2019.01.04"]
[Round "6"]
[White "Kadam Om Manish"]
[Black "Laddha, Shubh Jayesh"]
[Result "0-1"]
[WhiteElo "1944"]
[BlackElo "1567"]
[Annotator "NA"]
[PlyCount "74"]
[EventDate "2018.12.30"]
[EventType "swiss"]
[EventCountry "IND"]
[SourceTitle "playchess.com"]
[Source "ChessBase"]
[SourceQuality "1"]

1. b3 e5 2. Bb2 Nc6 3. e3 Nf6 4. d4 exd4 5. exd4 d5 6. Nf3 Bf5 7. Be2 Be7 8. O-O h6 9. Bb5 O-O 10. Ne5 Nb8 11. Nd2 c6 12. Be2 Nbd7 13. f4 Ne4 14. Bd3 Ndf6 15. Ndf3 Bd6 16. c4 Rc8 17. c5 Bc7 18. b4 Ng4 19. Qe2 Re8 20. Nd2 Ngf6 21. Ndf3 Nd7 22. g4 Nxe5 23. Nxe5 Bh7 24. f5 f6 25. Bxe4 fxe5 26. Bc2 e4 27. Bc1 e3 28. Bxe3 Qh4 29. Rf3 Qxg4+ 30. Kh1 Qxd4 31. f6 Qxa1+ 32. Kg2 gxf6 33. Bxh7+ Kxh7 34. Qd3+ Re4 35. Rh3 Rg8+ 36. Kf3 Qh1+ 37. Ke2 Rg2+ 0-1

[Event "IIFL Wealth  4th Mumbai Junior U-13"]
[Site "Mumbai"]
[Date "2019.01.04"]
[Round "6"]
[White "Zia, Tahsin Tajwar"]
[Black "Adireddy Tarun"]
[Result "1-0"]
[WhiteElo "1925"]
[BlackElo "1553"]
[Annotator "NA RC"]
[PlyCount "83"]
[EventDate "2018.12.30"]
[EventType "swiss"]
[EventCountry "IND"]
[SourceTitle "playchess.com"]
[Source "ChessBase"]
[SourceQuality "1"]

1. d4 Nf6 2. Nf3 d5 3. Bf4 e6 4. e3 c5 5. Nbd2 Nc6 6. c3 Bd6 7. Bg3 O-O 8. Bd3 b6 9. Qe2 Bb7 10. Rd1 Re8 11. e4 Be7 12. e5 Nh5 13. a3 a5 14. Nf1 g6 15. Ne3 f5 16. exf6 Bxf6 17. Ng4 Bg7 18. O-O Nxg3 19. hxg3 c4 20. Bb1 Qc7 21. Rfe1 b5 22. Nge5 Nxe5 23. dxe5 Qe7 24. Nd4 Qc5 25. Qg4 Bc8 26. Nf3 Rf8 27. Rd4 Qe7 28. Qh3 Bh8 29. Rh4 Rxf3 30. gxf3 Qg7 31. Kg2 Ra7 32. Rh1 Rf7 33. Bxg6 Qxg6 34. Rg4 Qxg4 35. Qxg4+ Kf8 36. Qg5 Bd7 37. Qd8+ Kg7 38. Rh4 h5 39. Rxh5 Rf8 40. Qg5+ Kf7 41. Rh7+ Ke8 42. Qe7# 1-0

[Event "IIFL Wealth  4th Mumbai Junior U-13"]
[Site "Mumbai"]
[Date "2019.01.04"]
[Round "6"]
[White "Savitha Shri B"]
[Black "Dhanvij Ansh"]
[Result "1/2-1/2"]
[WhiteElo "1894"]
[BlackElo "1523"]
[Annotator "NA"]
[PlyCount "155"]
[EventDate "2018.12.30"]
[EventType "swiss"]
[EventCountry "IND"]
[SourceTitle "playchess.com"]
[Source "ChessBase"]
[SourceQuality "1"]

1. e4 c6 2. d4 d5 3. Nc3 dxe4 4. Nxe4 Bf5 5. Ng3 Bg6 6. h4 h6 7. Nf3 Nd7 8. h5 Bh7 9. Bd3 Bxd3 10. Qxd3 Ngf6 11. Bf4 e6 12. O-O-O Be7 13. Kb1 O-O 14. c4 Qa5 15. Qe2 Rfe8 16. Ne5 Rac8 17. Qf3 Qa6 18. Rhe1 b5 19. Nxd7 Nxd7 20. d5 cxd5 21. cxd5 exd5 22. Nf5 Bf8 23. Nxh6+ gxh6 24. Qg4+ Bg7 25. Qxd7 Red8 26. Qf5 Qa4 27. Rxd5 Rxd5 28. Qxc8+ Kh7 29. Qc2+ Qxc2+ 30. Kxc2 Rxh5 31. Re7 Rf5 32. Be3 a6 33. Ra7 Rf6 34. Kb3 Kg6 35. Kb4 Rc6 36. b3 Bc3+ 37. Ka3 f5 38. b4 Bf6 39. Bc5 Re6 40. Kb3 f4 41. a4 bxa4+ 42. Kxa4 h5 43. Ra8 Kf7 44. Ka5 h4 45. f3 Re2 46. Kxa6 Rxg2 47. Kb7 h3 48. Rf8+ Ke6 49. Re8+ Kd5 50. Re1 h2 51. Rh1 Be5 52. Ka6 Kc6 53. Bb6 Ra2+ 54. Ba5 Bc3 55. b5+ Kc5 56. Rxh2 Rxh2 57. Bxc3 Ra2+ 58. Ba5 Rb2 59. Bc7 Rb4 60. b6 Kc6 61. Ka7 Ra4+ 62. Kb8 Rb4 63. Ka7 Rd4 64. Kb8 Kd7 65. Ka7 Kc6 66. Kb8 Ra4 67. Bd8 Ra3 68. Bc7 Rxf3 69. b7 Rb3 70. Bxf4 Rxb7+ 71. Ka8 Kb6 72. Bb8 Ka6 73. Be5 Re7 74. Bb8 Kb6 75. Bg3 Re4 76. Bf2+ Kc7 77. Bg3+ Kc8 78. Bf2 1/2-1/2

[Event "IIFL Wealth  4th Mumbai Junior U-13"]
[Site "Mumbai"]
[Date "2019.01.04"]
[Round "6"]
[White "Jain Kashish Manoj"]
[Black "Aaryan Varshney"]
[Result "0-1"]
[WhiteElo "1853"]
[BlackElo "2200"]
[Annotator "TA"]
[PlyCount "101"]
[EventDate "2018.12.30"]
[EventType "swiss"]
[EventCountry "IND"]
[SourceTitle "playchess.com"]
[Source "ChessBase"]
[SourceQuality "1"]

1. Nf3 Nf6 2. g3 g6 3. Bg2 Bg7 4. O-O O-O 5. d3 d6 6. c4 e5 7. Nc3 Nc6 8. Rb1 a5 9. a3 h6 10. b4 axb4 11. axb4 Be6 12. b5 Ne7 13. Bb2 Qd7 14. Ra1 Bh3 15. Qd2 Bxg2 16. Kxg2 Nh5 17. Rxa8 Rxa8 18. Ra1 Rxa1 19. Bxa1 c6 20. e4 d5 21. bxc6 bxc6 22. cxd5 cxd5 23. Ne2 Nc6 24. Qc2 Nb4 25. Qb1 dxe4 26. dxe4 Nd3 27. Nxe5 Nxe5 28. Qb8+ Kh7 29. Bxe5 Qe6 30. Bxg7 Qxe4+ 31. Kg1 Nxg7 32. Nf4 g5 33. Ng2 Nf5 34. Qb3 Kg6 35. Qb6+ f6 36. Ne3 Nxe3 37. Qxe3 Qxe3 38. fxe3 Kf5 39. Kf2 g4 40. Kf1 Ke4 41. Ke2 f5 42. Kf2 Kd3 43. Kf1 Kxe3 44. Kg2 Ke2 45. Kg1 h5 46. Kg2 h4 47. h3 gxh3+ 48. Kxh3 hxg3 49. Kxg3 Ke3 50. Kg2 f4 51. Kg1 0-1

[Event "IIFL Wealth  4th Mumbai Junior U-13"]
[Site "Mumbai"]
[Date "2019.01.04"]
[Round "6"]
[White "Potawad Anirudhha"]
[Black "Abhinav Dubey"]
[Result "1-0"]
[WhiteElo "1849"]
[BlackElo "1497"]
[Annotator "NA RC"]
[PlyCount "75"]
[EventDate "2018.12.30"]
[EventType "swiss"]
[EventCountry "IND"]
[SourceTitle "playchess.com"]
[Source "ChessBase"]
[SourceQuality "1"]

1. e4 c5 2. Nf3 d6 3. d4 cxd4 4. Nxd4 Nf6 5. Nc3 a6 6. f3 e5 7. Nb3 Be7 8. Be3 Be6 9. Qd2 O-O 10. Be2 Qc7 11. O-O Nbd7 12. Nd5 Bxd5 13. exd5 b5 14. Rac1 Nb6 15. Bxb6 Qxb6+ 16. Kh1 Rac8 17. c4 b4 18. Bd3 h6 19. Qe2 Nd7 20. Bf5 Rfd8 21. f4 Bf6 22. Bxd7 Rxd7 23. fxe5 Bxe5 24. c5 Qd8 25. c6 Rdc7 26. Rc4 a5 27. Nxa5 Re7 28. Nb7 Qe8 29. Re4 f5 30. Rxf5 Qg6 31. Rf1 Rce8 32. Qg4 Qxg4 33. Rxg4 Bxb2 34. Nxd6 Re1 35. Rgf4 R8e7 36. Nc4 Bc3 37. d6 Re8 38. d7 1-0